A-3 [i.e. A-tres] : aprender a aprender /

Propuesta para potenciar las habilidades naturales de aprendizaje, mediante ejercicios sencillos. Para el autor, la capacidad de adquirir nuevos conocimientos y destrezas está determinada por tres factores: la actitud o lo que pone uno; las facultades o lo que pusieron Dios o la genética y las habil...

Повний опис

Збережено в:
Бібліографічні деталі
Автор: Bertrab Erdmann, Guillermo von (autor)
Формат: Книга
Мова:Іспанська
Опубліковано: México : Plaza y Janés, 2003, c2003
Предмети:
Теги: Додати тег
Немає тегів, Будьте першим, хто поставить тег для цього запису!

MARC

LEADER 00000nam^a2200000^a^4500
001 000156602
005 20250521000000.0
009 20260310100511.293
020 |a 968-11-0559-1 
037 |a Acervo ITESO - Biblioteca 
041 |a ESP 
082 |a 153. 15  |b BER 
100 |a Bertrab Erdmann, Guillermo von  |e (autor) 
245 1 0 |a A-3 [i.e. A-tres] :  |b aprender a aprender /  |c G. von Bertrab Erdmann. 
264 4 |a México :  |b Plaza y Janés,  |c 2003, c2003 
300 |a 160 p. 
336 |a texto  |b txt  |2 rdacontenido 
337 |a sin mediación  |b n  |2 rdamedio 
338 |a volumen  |b nc  |2 rdasoporte 
520 |a Propuesta para potenciar las habilidades naturales de aprendizaje, mediante ejercicios sencillos. Para el autor, la capacidad de adquirir nuevos conocimientos y destrezas está determinada por tres factores: la actitud o lo que pone uno; las facultades o lo que pusieron Dios o la genética y las habilidades o lo que le tocó a la escuela desarrollar. 
649 |a XX 
650 |a Aprendizaje 
650 |a Habilidades de Pensamiento 
650 |a Actitudes 
650 |a Psicología Cognitiva 
650 |a Psicología Educativa 
650 |a Educación 
650 |a Psicología 
910 |a Fondo General 
920 |a Impresos - Libros 
930 |a Colección General 
905 |a 101 
901 |a 0500085329  |b IT1  |c ACC  |u 20250521 
901 |a 0500085330  |b IT1  |c ACC  |u 20250521 
901 |a 0500133072  |b IT1  |c ACC  |u 20250521 
901 |a 0500271828  |b IT1  |c ACC  |i D78259  |u 20250521 
902 |a https://opac.biblio.iteso.mx/vufind/Record/000156602